Her Kama: (Record no. 214394)

MARC details
000 -LEADER
fixed length control field 00613nam a22001937a 4500
005 - DATE AND TIME OF LATEST TRANSACTION
control field 20260121145215.0
010 ## - LCCN (DPL NO)
LC control number ENG-147619
020 ## - INTERNATIONAL STANDARD BOOK NUMBER
International Standard Book Number 9788119670734
Terms of availability 795.00
035 ## - SYSTEM CONTROL NUMBER
System control number EN-131151
037 ## - SOURCE OF ACQUISITION
Source of stock number/acquisition DBAD
082 ## - DEWEY DECIMAL CLASSIFICATION NUMBER
Classification number 297.4092
Edition number 1
245 ## - TITLE STATEMENT
Title Her Kama:
Remainder of title Women, Intimacy and Identity/
Statement of responsibility, etc Edited By Jaganniwas Iyer
250 ## - EDITION STATEMENT
Edition statement 1
260 ## - PUBLICATION, DISTRIBUTION, ETC. (IMPRINT)
Place of publication, distribution, etc New Delhi
Name of publisher, distributor, etc Vitasta Publishing
Date of publication, distribution, etc 2025
270 ## - ADDRESS
Address 2/15,Ansari Road,Daryaganj,
City New Delhi
Postal code 110002
Electronic mail address vitastapublishing.com
300 ## - PHYSICAL DESCRIPTION
Extent 291p.
Dimensions 22cm(hb)
Other physical details ill.
700 ## - ADDED ENTRY--PERSONAL NAME
Personal name Iyer, jaganniwas
Relator term Editor
9 (RLIN) 86736
942 ## - ADDED ENTRY ELEMENTS (KOHA)
Source of classification or shelving scheme Dewey Decimal Classification
Item type English Books
Classification part 297.4092
Call number suffix HER
Holdings
Withdrawn status Lost status Not for loan Collection code Home library Current library Date acquired Source of acquisition Cost, normal purchase price Full call number Barcode Copy number Cost, replacement price Koha item type
      Non-fiction Central Jail Tihar Central Jail Tihar 21/01/2026 Delivery of Books Act Division 795.00 297.4092 HER EN-131151 1 795.00 English Books

© Delhi Public Library
Hit Counter
free hit counter